Handbook of optical sensors / (Record no. 19347)
[ view plain ]
| 000 -LEADER | |
|---|---|
| fixed length control field | 00932cam a2200253 a 4500 |
| 001 - CONTROL NUMBER | |
| control field | 18456963 |
| 005 - DATE AND TIME OF LATEST TRANSACTION | |
| control field | 20150514104227.0 |
| 008 - FIXED-LENGTH DATA ELEMENTS--GENERAL INFORMATION | |
| fixed length control field | 150112t2015 flude frbf 001 0 eng d |
| 020 ## - INTERNATIONAL STANDARD BOOK NUMBER | |
| International Standard Book Number | 9781439866856 |
| 040 ## - CATALOGING SOURCE | |
| Original cataloging agency | OU/DLC |
| Language of cataloging | eng |
| Transcribing agency | OU |
| Modifying agency | DLC |
| -- | EG-ScBUE |
| 082 04 - DEWEY DECIMAL CLASSIFICATION NUMBER | |
| Classification number | 681.25 |
| Item number | HAN |
| Edition number | 22 |
| 245 00 - TITLE STATEMENT | |
| Title | Handbook of optical sensors / |
| Statement of responsibility, etc | edited by José Luis Santos, Faramarz Farahi. |
| 260 ## - PUBLICATION, DISTRIBUTION, ETC. (IMPRINT) | |
| Place of publication, distribution, etc | Boca Raton : |
| Name of publisher, distributor, etc | CRC Press / Taylor & Francis Group, |
| Date of publication, distribution, etc | c.2015. |
| 300 ## - PHYSICAL DESCRIPTION | |
| Extent | xviii, 699 : |
| Other physical details | chart, plans ; |
| Dimensions | 26 cm. |
| 500 ## - GENERAL NOTE | |
| General note | Index : p. 685-699. |
| 504 ## - BIBLIOGRAPHY, ETC. NOTE | |
| Bibliography, etc | Bibliography : p. 679-683. |
| 650 #7 - SUBJECT ADDED ENTRY--TOPICAL TERM | |
| Topical term or geographic name as entry element | Optical detectors |
| Form subdivision | Handbooks, manuals, etc. |
| Source of heading or term | BUEsh |
| 9 (RLIN) | 38003 |
| 650 #7 - SUBJECT ADDED ENTRY--TOPICAL TERM | |
| Topical term or geographic name as entry element | Optical fiber detectors |
| Form subdivision | Handbooks, manuals, etc. |
| Source of heading or term | BUEsh |
| 9 (RLIN) | 38004 |
| 653 ## - INDEX TERM--UNCONTROLLED | |
| Resource For college | Engineering, General |
| Arrived date list | May2015 |
| 655 ## - INDEX TERM--GENRE/FORM | |
| Form subdivision | |
| -- | 34232 |
| 700 1# - ADDED ENTRY--PERSONAL NAME | |
| Personal name | Santos, JoseÌ Luis, |
| Dates associated with a name | 1960- |
| Relator term | editor. |
| 9 (RLIN) | 38005 |
| 700 1# - ADDED ENTRY--PERSONAL NAME | |
| Personal name | Farahi, Faramarz |
| Relator term | editor. |
| 9 (RLIN) | 38006 |
| 942 ## - ADDED ENTRY ELEMENTS (KOHA) | |
| Source of classification or shelving scheme | Dewey Decimal Classification |
| Call number prefix | 681.25 HAN |
| Withdrawn status | Item status | Source of classification or shelving scheme | Damaged status | Not for loan | Vendor | Home library | Current library | Shelving location | Date acquired | Source of acquisition | Cost, normal purchase price | Serial Enumeration / chronology | Total Checkouts | Full call number | Barcode | Date last seen | Cost, replacement price | Koha item type |
|---|---|---|---|---|---|---|---|---|---|---|---|---|---|---|---|---|---|---|
| Dewey Decimal Classification | Alahram | Central Library | Central Library | Ground Floor | 13/05/2015 | 1119.00 | 329 | 681.25 HAN | 000038197 | 15/07/2025 | 1398.75 | Reference (NB) |